000 00572cam a2200169 a 4500
001 000007740
005 20200929154301.0
008 831122s1957 pr 000 0 spa
040 _aDO-SdBNP
_bspa
_cBNPHU
082 _aPR864.42
_bR788L
100 1 _aRosa Nieves, Cesareo,
_d1901-
_921430
245 1 3 _aLa lámpara del faro :
_bvariaciones críticas sobre temas puertorriqueños; ensayos.
260 _aSan Juan, Puerto Rico :
_bClub de La Prensa,
_c1957.
300 _at. 1 ;
_c22 cm.
650 4 _aEnsayos puertorriqueños
_98892
650 4 _aLiteratura puertorriqueña
_9250
999 _c7518
_d7518